000 00781cam a22002773a 4500
001 4280
003 PGUSA
005 20140828083051.0
008 030701s2003||||xxu|||||s|||||000 | eng d
040 _aPGUSA
_beng
042 _adc
050 4 _aB
100 1 _aKant, Immanuel,
_d1724-1804
245 1 4 _aThe Critique of Pure Reason
_h[electronic resource] /
_cImmanuel Kant
260 _bProject Gutenberg,
_c2003
506 _aPublic domain in the USA.
516 _aElectronic text
653 _aKnowledge, Theory of
653 _aPhilosophy, German
653 _aReason
653 _aCausation
700 1 _aMeiklejohn, J. M. D.
_q(John Miller Dow),
_d1830-1902
830 0 _aProject Gutenberg
_v4280
856 4 0 _uhttp://www.gutenberg.org/ebooks/4280
942 _cEB
999 _c233609
_d233609